000 00464nam a2200193 a 4500
001 13420
003 CO-ViMGA
008 141112s2004 ck r 000 u spa d
020 _a9580457999
040 _aCO-ViMGA
_bspa
_cCO-ViMGA
082 0 4 _aDISd
100 1 _aDisney,
_910329
245 1 0 _aDinosaurio
260 _aBogotá :
_bNorma,
_c2000
300 _a64 : ils
490 _aGran coleccion disney
650 1 4 _aCUENTOS INFANTILES
_92743
942 _2ddc
_cBK
999 _c24151
_d24151